General Knowledge Quiz - Statistics

General Stats
  • This quiz has been taken 42 times
  • The average score is 9 of 15
Answer Stats
Hint Answer % Correct
In Morse code, which letter is denoted by a single dot? E
83%
What swimming stroke is named after an animal? Butterfly
81%
Lemurs are native to which Island? Madagascar
79%
What is the national flower of The Netherlands? Tulip
74%
In which century was William Shakespear born? 16th
69%
Which sport is Lennox Lewis famous for? Boxing
67%
According to the idiom, what do ‘birds of a feather’ do? Flock together
67%
Who wrote "A Brief History of Time"? Stephen Hawking
62%
How many stars are on the flag of New Zealand? 4
57%
In which country was Frida Kahlo born? Mexico
55%
How many furlongs are there in a mile? 8
50%
Who was US president at the time of the Queen Elizabeth's corronation? Dwight D. Eisenhower
38%
Who was the sixth wife of Henry the 8th? Katherine Parr
33%
Which place in Russia is the body of Lenin embalmed? Red Square
21%
Who Painted The Famous Painting Entitled 'The Scream' Edward Munch
14%
No matching quizzes found
Score Distribution
Percent of People with Each Score
Percentile by Number Answered
Your Score History
You have not taken this quiz